Autosalón s autoservisom

Na minha lista:
Detalhes bibliográficos
Autor principal: Kovácsová, Ildikó, 1989- (Author)
Outros Autores: Ilkovičová, Ľubica, 1964- (Thesis advisor)
Formato: Manuscrito Livro
Idioma:eslovaco
Publicado em: Bratislava : STU v Bratislave FA, 2012
Assuntos:
Acesso em linha:VAIS
Tags: Adicionar Tag
Sem tags, seja o primeiro a adicionar uma tag!

MARC

LEADER 00000ntm a22000003a 4500
001 stu247992
005 20210418155447.0
008 120609s2012----xo------------------slo-d
040 |a STU  |b slo 
041 0 |a slo 
044 |a xo 
100 1 |a Kovácsová, Ildikó,  |d 1989-  |4 aut  |u A  |T FAD Fakulta architektúry  |X 57947  |U A  |Y 50  |7 A000057947 
242 0 0 |a Car showroom and servis  |y eng 
245 1 |a Autosalón s autoservisom 
260 |a Bratislava :  |b STU v Bratislave FA,  |c 2012 
650 7 |a architektúra a urbanizmus  |2 stusub 
650 7 |a Architecture and Urban Design  |2 estusub 
650 7 |a automobile  |2 estusub 
650 7 |a automobil  |2 stusub 
650 7 |a servis  |2 stusub 
700 1 |a Ilkovičová, Ľubica,  |d 1964-  |4 ths  |u A4140  |U FAD Fakulta architektúry  |U FAD Fakulta architektúry  |T FA Ústav konštrukcií v architektúre a inžinierskych stavieb  |X 443  |U A4140  |Y 395  |7 A000000443 
856 4 |a info a plný text  |u http://is.stuba.sk/zp/portal_zp.pl?podrobnosti=59236  |u https://opac.crzp.sk/?fn=detailBiblioForm&sid=19793BA85A47B7FB69964E42DAA1  |3 VAIS